| 000 | 00771nas a2200253 4500 | ||
|---|---|---|---|
| 001 | BR8701701 | ||
| 003 | BR-BrBNA | ||
| 005 | 20231205090616.0 | ||
| 007 | ta | ||
| 008 | 230509b bl.|||p| |||| 00| 00por d | ||
| 040 |
_aBR-BrBNA _bpor _cBiblioteca Nacional de Agricultura |
||
| 041 | _a(En) | ||
| 072 | _aL40; M40 | ||
| 100 | 1 | _aSadowski, V. | |
| 100 | 1 | _aAmorim, A.F. de | |
| 100 | 1 | _aArfelli, C.A. | |
| 245 | 1 | _aSecond occurrence of Odontaspis noranhai (Maul, 1955)[tubarao, ocorrencia, sudeste] | |
| 650 | _aCACAO | ||
| 650 | _aMORFOLOGIA ANIMAL | ||
| 650 | _aECOLOGIA ANIMAL | ||
| 773 | 0 |
_tBoletim do Instituto de Pesca (Brazil) _xISSN 0046-9939 _g(Dec 1984), v. 11 p. 69-79 _wBR8701701 |
|
| 909 |
_a202311 _bLúcia _c55 _dLúcia Elande |
||
| 942 |
_2AGRIS _n0 _cANA |
||
| 999 |
_c119729 _d119729 |
||